|
|
|
|
| LEADER |
00000nam0a2200000 4500 |
| 001 |
271225 |
| 005 |
20231101234421.0 |
| 020 |
|
|
|a RU
|b 87-34276
|
| 035 |
|
|
|a (RuTPU)RU\TPU\book\294406
|
| 090 |
|
|
|a 271225
|
| 100 |
|
|
|a 20141006d1987 k y0rusy5003 ca
|
| 101 |
0 |
|
|a rus
|
| 102 |
|
|
|a RU
|
| 105 |
|
|
|a a z 001zy
|
| 200 |
1 |
|
|a Юра Енисей-Хатангского прогиба: Нордвикская зона, типовой разрез
|f С. В. Меледина, Т. И. Нальняева, Б. Н. Шурыгин
|g Академия наук СССР (АН СССР), Сибирское отделение (СО), Институт геологии и геофизики (ИГиГ)
|
| 210 |
|
|
|a Новосибирск
|c Изд-во ИГИГ
|d 1987
|
| 215 |
|
|
|a 128 с.
|c ил.
|d 20 см
|
| 320 |
|
|
|a Библиогр.: с. 123-127
|
| 606 |
1 |
|
|a Юрские отложения
|2 stltpush
|3 (RuTPU)RU\TPU\subj\21540
|9 46509
|
| 610 |
1 |
|
|a Восточная Сибирь
|
| 610 |
1 |
|
|a Енисей-Хатангский прогиб
|
| 610 |
1 |
|
|a юра
|
| 610 |
1 |
|
|a Нордвинская зона
|
| 610 |
1 |
|
|a типовой разрез
|
| 610 |
1 |
|
|a литология
|
| 610 |
1 |
|
|a биостратиграфия
|
| 610 |
1 |
|
|a тафономия
|
| 610 |
1 |
|
|a описание
|
| 610 |
1 |
|
|a аммониты
|
| 610 |
1 |
|
|a белемниты
|
| 610 |
1 |
|
|a двустворчатые моллюски
|
| 610 |
1 |
|
|a зональная корреляция
|
| 675 |
|
|
|a 551.762
|z rus
|v 3
|
| 700 |
|
1 |
|a Меледина
|b С. В.
|g Светлана Владимировна
|4 070
|
| 701 |
|
1 |
|a Нальняева
|b Т. И.
|g Тамара Ивановна
|
| 701 |
|
1 |
|a Шурыгин
|b Б. Н.
|g Борис Николаевич
|
| 712 |
0 |
2 |
|a Академия наук СССР (АН СССР)
|b Сибирское отделение (СО)
|b Институт геологии и геофизики (ИГиГ)
|c (Новосибирск)
|2 stltpush
|3 (RuTPU)RU\TPU\col\128
|
| 801 |
|
0 |
|a RU
|b RuMRKP
|c 19950417
|g psbo
|
| 801 |
|
1 |
|a RU
|b 63413507
|c 20141006
|
| 801 |
|
2 |
|a RU
|b 63413507
|c 20170309
|g RCR
|
| 942 |
|
|
|c BK
|